000 00781cam a22002657a 4500
003 CHAP
005 20220329142544.0
008 010926d2000 mx r 00110 spa d
010 _a84850
011 _a85822
020 _a0 408 70460 8
035 _a96359
040 _cCHAP
082 0 4 _a631.521
_bH5
245 1 0 _aSeed ecology : proceedings of...
_c/ed. by W. Heydecker
260 _aLondon :
_bButterworths,
_c1973.
300 _a578 p. :
_bilus.
590 _aBATCH-UPD
_b10
_c20130110
_lUCH01
_h2310
590 _aCONVERSION
_b10
_c20130109
_lUCH01
_h1347
650 1 4 _aSemillas
_xEfecto del medio ambiente.
_9103897
901 _aBK
905 _aAlejandra Carrasco M.
942 _cLIBRO
949 _a631.521 H5
_bBC
_cLIBRO
_d33724000857348
_eLIBRO
_h101877
_i96359
_kDon.
_si
999 _c84850
_d84850